Teorie podobnosti a modelování

Bibliographic Details
Main Author: Kožešník, Jaroslav, 1907-1985 (Author)
Format: Book
Language:Czech
PhysicalDescription:213 strán, [4] strany tabuľkových príloh grafy, ilustrácie, schémy, tabuľky 24 cm
Published: Praha Academia 1983
Edition:1. vyd.
Subjects:

MARC

LEADER 00000cam a2200000 a 4500
001 vtls001282269
003 SK-MaSNL
005 20260301155302.0
008 240226s1983 xr dal frnp 001 0 cze
015 |a SNBA1983 
020 |q (viazané) 
035 |a SNK000233709 
035 |a 4DDF2351-3D3A-473B-A27F-D288340EEFF2 
035 |a urn:nbn:sk:snk-am00ignh 
040 |a SNK  |b slo  |c SNK  |e AACR2 
041 0 |a cze  |b eng  |b rus 
043 |a e-xr--- 
044 |a xr  |c CZ 
072 7 |a 517  |x Matematická analýza  |2 konspekt 
072 7 |a 37.016  |x Učebné osnovy. Vyučovacie predmety. Učebnice  |2 konspekt 
072 7 |a 519  |x Kombinatorika. Teória grafov. Matematická štatistika. Operačný výskum. Matematické modelovanie  |2 konspekt 
080 |a (075.8)  |2 2011 
080 |a 517  |2 2001 
080 |a 519.86/.87  |2 2011 
080 |a 531/534  |2 2011 
080 |a 519.673  |2 2011 
080 |a 519.21  |2 2011 
100 1 |a Kožešník, Jaroslav,  |d 1907-1985  |4 aut  |9 6279 
245 1 0 |a Teorie podobnosti a modelování  |c Jaroslav Kožešník 
250 |a 1. vyd. 
260 |a Praha  |b Academia  |c 1983 
300 |a 213 strán, [4] strany tabuľkových príloh  |b grafy, ilustrácie, schémy, tabuľky  |c 24 cm 
366 |e 1100 kusov 
500 |a Vydala Československá akademie věd 
500 |a Poznámky pod čiarou 
504 |a Bibliografia na strane 203-206. Vecný register na strane 211-213. Obsahuje bibliografické odkazy 
546 |a Anglické a ruské resumé 
650 0 7 |a matematická analýza  |2 SNKPH  |9 1102 
650 0 7 |a modelovanie a simulácia  |2 SNKPH  |9 3666 
650 0 7 |a mechanika  |2 SNKPH  |9 706 
650 0 7 |a matematické modelovanie  |2 SNKPH  |9 4279 
650 0 7 |a teória pravdepodobnosti  |2 SNKPH  |9 104068 
655 7 |a učebnice vysokých škôl  |2 SNKPH  |9 70191 
710 2 |a Československá akademie věd  |4 pbl  |9 75602 
852 |a Slovenská národná knižnica 
954 |a odborná, vedecká literatúra cudzojazyčná (svetová)  |2 lita 
958 |a RK 
958 |a TL 
958 |a OND 
958 |a CZ 
958 |a UV 
958 |a NB 
958 |a EUIPO 
999 |c 800310  |d 802240 
952 |t P60, <04>, [BOOK], {604}  |a SNK  |b SNK  |y VYP  |7 0  |p 17A0059442  |o snkSC 58849 D1  |0 0  |1 0  |4 0  |d 1997-04-07  |l 0  |r 2005-01-02 00:00:00  |w 2026-02-24 
952 |a SNK  |b SNK  |y PREZ  |7 0  |p 17A0893478  |o snkSC 58849  |i snkKIP 7067/83  |0 0  |1 0  |4 0  |d 2012-08-16  |f 1  |l 0  |r 2025-06-05 00:00:00  |w 2026-02-24